[Event "UTwente YM"]
[Site "Hengelo NED"]
[Date "2007.08.08"]
[Round "5"]
[White "Harika,D"]
[Black "Braun,A"]
[Result "1/2-1/2"]
[WhiteElo "2478"]
[BlackElo "2540"]

1.d4 d5 2.c4 c6 3.Nc3 Nf6 4.Nf3 a6 5.e3 b5 6.c5 Bg4 7.Qb3 Nbd7 8.a4 Bxf3
9.gxf3 e5 10.Qa3 Rc8 11.axb5 axb5 12.Qa5 exd4 13.exd4 g6 14.Qxd8+ Kxd8 15.Bh3 Nh5
16.Bg4 Ng7 17.Bg5+ Be7 18.Bxd7 Kxd7 19.Ra7+ Rc7 20.Rxc7+ Kxc7 21.Bxe7 Re8
22.Kd2 Rxe7 23.Ra1 Kb7 24.Na2 Ne6 25.Kc3 Nc7 26.Kd2 Re6 27.Nb4 Rf6 28.Ke3 Rf5
29.Nd3 Ne6 30.Nb4 Nc7 31.Nd3 Na6 32.Re1 Nc7  1/2-1/2

[Event "Arctic Chess Challenge"]
[Site "Tromso NOR"]
[Date "2007.08.08"]
[Round "5"]
[White "Brodsky,M"]
[Black "Burmakin,V"]
[Result "1/2-1/2"]
[WhiteElo "2595"]
[BlackElo "2581"]

1.d4 d5 2.c4 c6 3.Nc3 Nf6 4.Nf3 a6 5.e3 b5 6.c5 g6 7.Ne5 Bg7 8.Be2 Nfd7 9.f4 Nxe5
10.fxe5 O-O 11.O-O a5 12.a3 Na6 13.e4 dxe4 14.Nxe4 Nc7 15.Be3  1/2-1/2

[Event "FSIMA August"]
[Site "Budapest HUN"]
[Date "2007.08.09"]
[Round "4"]
[White "Strunski,A"]
[Black "Turzo,A"]
[Result "1-0"]
[WhiteElo "2203"]
[BlackElo "2338"]

1.d4 d5 2.c4 c6 3.Nc3 Nf6 4.Nf3 a6 5.a4 Bf5 6.Qb3 Ra7 7.a5 e6 8.Qb6 Ra8 9.Qxb7 Nbd7
10.c5 e5 11.Nxe5 Nxe5 12.dxe5 Nd7 13.e4 dxe4 14.Qxc6 Rc8 15.Qa4 Bxc5 16.Bxa6 Rb8
17.Bb5 O-O 18.Bxd7 Bxd7 19.Qxe4 Bb4 20.a6 Qc7 21.O-O Bxc3 22.bxc3 Qxc3 23.Ra3 Qc8
24.a7 Ra8 25.Be3 Bc6 26.Qc4 Qd7 27.Rd3 Qb7 28.Rb3 Qd7 29.Rfb1 Bd5 30.Qd4 Qc6
31.Rb6 Qc4 32.Qxc4 Bxc4 33.Rb8 Bd5 34.Bc5 Re8 35.Bd6 f6 36.f4 Kf7 37.Rxe8 Kxe8
38.Bb8 fxe5 39.fxe5 Be4 40.Rb4 Kd7 41.Rxe4  1-0

[Event "Scandinavian Chess Tournament"]
[Site "Taby SWE"]
[Date "2007.08.09"]
[Round "8"]
[White "Heinola,V"]
[Black "Agrest,E"]
[Result "0-1"]
[WhiteElo "2217"]
[BlackElo "2541"]

1.d4 d5 2.c4 c6 3.Nc3 Nf6 4.Nf3 a6 5.Qb3 dxc4 6.Qxc4 b5 7.Qd3 e6 8.Bg5 c5
9.e3 Bb7 10.dxc5 Qxd3 11.Bxd3 Bxc5 12.Rc1 Nbd7 13.O-O Be7 14.Rfd1 Nc5 15.Bb1 b4
16.Ne2 O-O 17.Ne5 Rfd8 18.Nd4 Rac8 19.Nc4 Na4 20.Bc2 Rxc4 21.Bxa4 Rc5 22.Rxc5 Bxc5
23.Ne2 Rxd1+ 24.Bxd1 Bd5 25.Nc1 Bd6 26.Bb3 Bc6 27.Nd3 Bb5 28.Bf4 Bxf4 29.Nxf4 g5
30.Nh3 h6 31.f4 gxf4 32.Nxf4 Kf8 33.a3 bxa3 34.bxa3 Ng4 35.e4 Nf6 36.a4 Bc6
37.e5 Nd7 38.Nd3 Be4 39.Nf2 Bg6 40.Ng4 h5 41.Ne3 Nxe5 42.h4 a5 43.Kf2 Ke7
44.Kg3 f6 45.Kf4 Be8 46.Bd1 Nd3+ 47.Kg3 Nb2 48.Bc2 f5 49.Kf3 Bc6+ 50.Kf2 f4  0-1

[Event "Scandinavian Chess Tournament"]
[Site "Taby SWE"]
[Date "2007.08.09"]
[Round "8"]
[White "Zhao Xue"]
[Black "Orndahl,Mar"]
[Result "1-0"]
[WhiteElo "2500"]
[BlackElo "2078"]

1.d4 d5 2.c4 c6 3.Nc3 Nf6 4.Nf3 a6 5.a4 e6 6.Bg5 dxc4 7.e3 b5 8.axb5 cxb5
9.Nxb5 axb5 10.Rxa8 Bb7 11.Ra1 Bb4+ 12.Ke2 Nc6 13.Ne1 Qd5 14.Bxf6 gxf6 15.f3 f5
16.Nc2 Bd6 17.Kf2 Bc7 18.g3 Na5 19.Qe2 Nb3 20.Rd1 h5 21.h4 e5 22.Rg1 Kf8
23.dxe5 Qxe5 24.Nd4 Nxd4 25.Rxd4 Bb6 26.Rf4 Rh6 27.Bh3 Re6 28.Re1 Ba5 29.Rd1 Bb6
30.Rxf5 Qxe3+ 31.Qxe3 Rxe3 32.Rxb5 Rb3+ 33.Rxb6 Rxb6 34.Rd2 Rb3 35.Bg2 c3
36.bxc3 Rxc3 37.Rb2 Bc6 38.Re2 f6 39.Re3 Rc2+ 40.Kg1 Rc1+ 41.Kf2 Rc2+ 42.Re2 Rc3
43.Ra2 Kg7 44.Ra7+ Kg6 45.Rc7 Rc2+ 46.Kg1 Rc1+ 47.Bf1 Kf5 48.Kf2 Rc5 49.Bd3+  1-0

[Event "It"]
[Site "Kemerovo RUS"]
[Date "2007.08.10"]
[Round "7"]
[White "Kljucharev,S"]
[Black "Skurygin,A"]
[Result "1-0"]
[WhiteElo "2320"]
[BlackElo "2319"]

1.Nf3 d5 2.d4 c6 3.c4 Nf6 4.Nc3 a6 5.e3 b5 6.b3 Bg4 7.h3 Bxf3 8.Qxf3 e6 9.Bd2 b4
10.Na4 Ne4 11.Rd1 Nd7 12.Bd3 f5 13.cxd5 cxd5 14.Qe2 Bd6 15.Rc1 O-O 16.O-O Qe7
17.Rc6 e5 18.Bxe4 fxe4 19.Rfc1 Rf6 20.Rc8+ Rxc8 21.Rxc8+ Nf8 22.Nc5 Rg6 23.Qh5 Qf7
24.Kf1 exd4 25.exd4 a5 26.Be3 h6 27.Rd8 Rf6 28.Qxf7+ Kxf7 29.Nb7 Ke7 30.Rc8 Kd7
31.Nxd6 Kxd6 32.Ra8 Ne6 33.Ra6+ Kd7 34.Rxa5 Nc7 35.Bd2 Rb6 36.Ke2 g5 37.g3 Ke6
38.Ra4 Na6 39.Kf1 Kf5 40.g4+ Kg6 41.Kg2 Kf6 42.Kg3 Kg6 43.Ra5 Nc7 44.Rc5 Ne6
45.Rxd5 Ra6 46.Be3 Rxa2 47.Rd6 Kf7 48.Rb6 Ra1 49.d5 Nf8 50.Rxb4 Ng6 51.Rb7+ Kf8
52.d6 Nh4 53.d7 Ke7 54.Bc5+ Ke6 55.f3 Rd1 56.fxe4 Rd3+  1-0

[Event "Open"]
[Site "Dubna RUS"]
[Date "2007.08.11"]
[Round "13"]
[White "Zuzin,V"]
[Black "Vakhlamov,I"]
[Result "1/2-1/2"]
[WhiteElo "2265"]
[BlackElo "2028"]

1.d4 d5 2.c4 c6 3.Nf3 Nf6 4.Nc3 a6 5.c5 Nbd7 6.Bf4 Nh5 7.e3 g6 8.Bd3 Bg7
9.O-O f6 10.Bg3 Nxg3 11.hxg3 e5 12.Be2 O-O 13.b4 f5 14.a4 exd4 15.exd4 Nf6
16.Ne5 Ne4 17.Qd3 Bxe5 18.dxe5 Qe7 19.f4 a5 20.Nxe4 fxe4 21.Qd4 axb4 22.Qxb4 Be6  1/2-1/2

[Event "Open"]
[Site "Kavala GRE"]
[Date "2007.08.12"]
[Round "9"]
[White "Ris,R"]
[Black "Svetushkin,D"]
[Result "1/2-1/2"]
[WhiteElo "2395"]
[BlackElo "2618"]

1.d4 d5 2.Nf3 Nf6 3.c4 c6 4.Nc3 a6 5.e3 e6 6.Qc2 Nbd7 7.b3 c5 8.cxd5 exd5
9.Be2 b6 10.Nxd5 Bb7 11.Nxf6+ Nxf6 12.O-O Bd6 13.dxc5 Bxc5 14.Bb2 O-O 15.Rfd1 Qe7
16.Ng5 Ne4 17.Nxe4 Bxe4 18.Bd3 Bxd3 19.Rxd3 Rac8 20.Qe2 Ba3 21.Rad1 Bxb2
22.Qxb2 Rc6 23.Rd7 Qc5 24.Qd4 Qxd4 25.R7xd4 g6 26.g4 Rc2 27.R1d2 Rfc8 28.Kg2 Kf8
29.h4 Rxd2 30.Rxd2 Ke7 31.Rd4 b5 32.a4 bxa4 33.Rxa4 Rc3 34.Rxa6 Rxb3 35.g5 Rb5
36.Kg3 h6 37.f4 hxg5 38.hxg5 Rb3 39.Kf3 Kd7 40.Ke4 Ke7 41.Kd4 Kd7 42.Ke5 Ke7
43.Ra7+ Kf8 44.e4 Kg7 45.Rd7 Rb1 46.Rd8 Rf1 47.Ra8 Rd1 48.Ra4 Rg1 49.Kd6 Rf1
50.Ke5 Rg1 51.Ra7 Rd1 52.Ra8 Rf1 53.Ra4 Rg1 54.Kd6 Rf1 55.e5 Kf8 56.Ra8+ Kg7
57.Ra7 Kf8 58.Ra4 Rd1+ 59.Kc5 Ke7 60.Ra7+ Ke6 61.Ra6+ Ke7 62.Rf6 Re1 63.Kd5 Re2
64.e6 Rd2+ 65.Ke4 Re2+ 66.Kd5 Rd2+ 67.Kc4 fxe6 68.Rxg6 Rd1 69.Rg7+ Kf8 70.Rh7 Rd2
71.Rh3 Rf2 72.Rh4 Rd2 73.Kc3 Rd1 74.Rh8+ Kf7 75.Rh7+ Kf8 76.g6 Rg1 77.Rf7+ Ke8
78.Rf6 Ke7 79.Rf7+ Ke8 80.Kd4 Rxg6 81.Ra7 Kf8 82.Ke5 Rh6 83.Ra6 Rh5+ 84.Kf6 Rf5+
85.Kxe6 Rxf4  1/2-1/2

[Event "5th Staunton Mem"]
[Site "London ENG"]
[Date "2007.08.12"]
[Round "6"]
[White "Wells,P"]
[Black "Sokolov,Iv NED"]
[Result "0-1"]
[WhiteElo "2517"]
[BlackElo "2666"]

1.d4 d5 2.c4 c6 3.Nf3 Nf6 4.Nc3 a6 5.g3 dxc4 6.Bg2 g6 7.Ne5 Be6 8.e4 Nfd7
9.Nxd7 Bxd7 10.Be3 Bg7 11.Qd2 h5 12.h3 a5 13.f4 Na6 14.O-O Qc7 15.a3 Rd8
16.Qf2 c5 17.Nd5 Qc8 18.dxc5 Bxh3 19.f5 Bxg2 20.fxg6 f6 21.Kxg2 h4 22.Qf5 Qc6
23.gxh4 Rxh4 24.Rh1 Rxe4 25.Qxe4 Rxd5 26.Qf3 f5 27.Rad1 Nc7 28.Kf2 Bxb2 29.Qh5 Bg7
30.Qh7 Ne6 31.Qg8+ Kd7 32.Ke2 Rd3 33.Rhg1 Nd4+  0-1

[Event "ch-AUT"]
[Site "Tweng AUT"]
[Date "2007.08.12"]
[Round "9"]
[White "Pachta,P"]
[Black "Ganaus,H"]
[Result "0-1"]
[WhiteElo "2266"]
[BlackElo "2303"]

1.d4 d5 2.c4 c6 3.Nf3 Nf6 4.Nc3 a6 5.Ne5 e6 6.Bg5 Be7 7.e3 Nbd7 8.f4 dxc4
9.Bxc4 Nd5 10.Bxe7 Qxe7 11.Qe2 N7f6 12.O-O c5 13.Rad1 O-O 14.e4 Nxc3 15.bxc3 b5
16.Bd3 Bb7 17.Bb1 Rad8 18.Kh1 Nd7 19.Nd3 Rfe8 20.Qe3 cxd4 21.cxd4 f5 22.Nc1 fxe4
23.Bxe4 Bxe4 24.Qxe4 Nf6 25.Qf3 Qb4 26.Ne2 Qc4 27.Rd2 Rc8 28.h3 Qd5 29.Qe3 b4
30.Rc1 Rxc1+ 31.Nxc1 Rc8 32.Nb3 Rc3 33.Rd3 Ne4 34.Kh2 Rc2 35.Nd2 Nxd2 36.Rxd2 Rxa2
37.Rxa2 Qxa2 38.Qe5 Qd5 39.Qb8+ Kf7 40.Qxb4 a5 41.Qb6 h5 42.Qa7+ Kf6 43.Kh1 Kf5
44.Qxg7 Kxf4 45.Qa7 Ke4 46.Kh2 Ke3 47.Qc5 Ke4 48.Qa7 Qd6+ 49.Kh1 Qb4 50.Qd7 Qc4
51.Qb7+ Kd3 52.Qb1+ Kxd4 53.Qb6+ Qc5 54.Qxe6 Qd5 55.Qb6+ Kc4 56.Qa6+ Kb4
57.Qb6+ Kc3 58.Qe3+ Kc2 59.Qe2+ Kc1 60.Qe1+ Kb2 61.Qe2+ Ka3 62.Qe7+ Kb3 63.Qe3+ Kb4
64.Qe1+ Kb5 65.Qe8+ Kc5 66.Qe3+ Kb5 67.Qe8+ Kc4 68.Qe2+ Kc3 69.Qe3+ Kc2 70.Qe2+ Qd2
71.Qe4+ Kb3 72.Qe6+ Kb2 73.Qb6+ Qb4 74.Qf2+ Kb3 75.Qf3+ Qc3 76.Qd5+ Kb2 77.Qb5+ Kc2
78.Qe2+ Qd2 79.Qe4+ Kb2 80.Qe5+ Qc3 81.Qb5+ Ka3 82.Qxh5 a4 83.Qd1 Kb4 84.Qd6+ Kb3
85.Qd1+ Qc2 86.Qd5+ Kb2 87.Qd4+ Kb1 88.Qb6+ Ka2 89.Qe6+ Qb3 90.Qe2+ Ka1 91.Kh2 Qb8+
92.Kg1 a3 93.g4 Qg3+  0-1

[Event "FSIMB August"]
[Site "Budapest HUN"]
[Date "2007.08.14"]
[Round "9"]
[White "Koczo,K"]
[Black "Farago,S"]
[Result "0-1"]
[WhiteElo "2251"]
[BlackElo "2296"]

1.d4 d5 2.c4 c6 3.Nf3 Nf6 4.Nc3 a6 5.c5 Bf5 6.Bf4 Nbd7 7.h3 h6 8.e3 e6 9.Be2 Be7
10.Qb3 Ra7 11.O-O O-O 12.Na4 Ne4 13.Rad1 f6 14.Nh4 Bh7 15.f3 Ng5 16.e4 Nf7
17.exd5 cxd5 18.Qe3 e5 19.dxe5 fxe5 20.Rxd5 exf4 21.Qe6 Nxc5 22.Nxc5 Bxc5+
23.Kh1 Qxh4 24.Rxc5 b5 25.Rc8 Re7 26.Qxa6 Rxe2 27.Rxf8+ Kxf8 28.Qxb5 Qe7
29.Qb8+ Qd8 30.Qxf4 Rxb2 31.a4 Qd2 32.Qxd2 Rxd2 33.Ra1 Bd3 34.a5 Ba6 35.Kh2 g5
36.h4 gxh4 37.Kh3 Ng5+ 38.Kxh4 Rxg2 39.Kh5 Kg7 40.Rc1 Be2 41.Rc7+ Nf7 42.Rc3 Ne5
43.Kh4 Nxf3+ 44.Kh3 Rg1  0-1

[Event "RC Sport Open"]
[Site "Ceska Trebova CZE"]
[Date "2007.08.14"]
[Round "6"]
[White "Cvek,R"]
[Black "Cerveny,P"]
[Result "1-0"]
[WhiteElo "2548"]
[BlackElo "2295"]

1.d4 d5 2.Nf3 Nf6 3.c4 c6 4.Nc3 a6 5.a4 e6 6.Bg5 h6 7.Bxf6 Qxf6 8.e3 Nd7
9.Bd3 g6 10.O-O Bg7 11.cxd5 exd5 12.b4 O-O 13.b5 a5 14.Rc1 Qd6 15.Qc2 c5
16.e4 cxd4 17.Nxd5 Nb6 18.Nxb6 Qxb6 19.Qc7 Qxc7 20.Rxc7 b6 21.Bc4 Rb8 22.Bd5 Bg4
23.Rfc1 d3 24.Rd1 Rfc8 25.Rxf7 Kh8 26.h3 Bxf3 27.Rxf3 d2  1-0

[Event "17th Chess Festival"]
[Site "Abu Dhabi UAE"]
[Date "2007.08.15"]
[Round "4"]
[White "Ali,L"]
[Black "Kayumov,S"]
[Result "0-1"]
[WhiteElo "2224"]
[BlackElo "2414"]

1.d4 d5 2.Nf3 Nf6 3.c4 c6 4.Nc3 a6 5.cxd5 cxd5 6.Ne5 e6 7.Bf4 Be7 8.e3 O-O
9.Bd3 Nfd7 10.h4 Nc6 11.Qh5 f5 12.Nxd7 Bxd7 13.Qf3 Nb4 14.Bb1 Qb6 15.O-O Bb5
16.Rd1 Bxh4 17.a3 Nc6 18.g4 Ne7 19.Kg2 Bc6 20.Ra2 Qd8 21.g5 Ng6 22.Qh5 Be8
23.Kh2 Ne5 24.Qe2 Ng4+ 25.Kg2 Bxg5  0-1

[Event "ch-Euro IBCA"]
[Site "Durham ENG"]
[Date "2007.08.15"]
[Round "2"]
[White "Wassin,S"]
[Black "Sakic,M"]
[Result "1-0"]
[WhiteElo "2299"]
[BlackElo "2163"]

1.Nf3 d5 2.d4 c6 3.c4 Nf6 4.Nc3 a6 5.a4 g6 6.Bg5 Bg7 7.e3 O-O 8.Bd3 Be6 9.c5 Nbd7
10.h3 Re8 11.O-O Nf8 12.b4 N6d7 13.Qc2 f5 14.h4 Nf6 15.b5 Ne4 16.Bf4 Bd7
17.bxa6 bxa6 18.Rab1 Qa5 19.Bxe4 fxe4 20.Ne5 Bxe5 21.Bxe5 Qd8 22.Rb6 a5 23.Rfb1 e6
24.Bg3 g5 25.hxg5 Qxg5 26.Rb7 h5 27.Ne2 Re7 28.Nf4 Rg7 29.Rb8 Rxb8 30.Rxb8 h4
31.Bh2 Kf7 32.Qd1 Rh7 33.Nh3 Qf5 34.Bd6 Rh8 35.Rxf8+ Rxf8 36.Bxf8 Kxf8 37.Qd2 e5
38.Qxa5 exd4 39.Qd8+ Be8 40.exd4 e3 41.fxe3 Qb1+ 42.Kh2 Qe1 43.Qd6+ Kg8 44.Qe6+ Kf8
45.Qh6+ Ke7 46.Qd6+ Kf7 47.Ng5+ Kg8 48.Qf4 Bg6 49.Ne6 Kh7 50.Qc7+  1-0

[Event "New England Masters"]
[Site "Peabody USA"]
[Date "2007.08.16"]
[Round "7"]
[White "Ippolito,D"]
[Black "Kritz,L"]
[Result "1/2-1/2"]
[WhiteElo "2395"]
[BlackElo "2571"]

1.d4 d5 2.c4 c6 3.Nf3 Nf6 4.Nc3 a6 5.c5 Bf5 6.Bf4 Nbd7 7.e3 Nh5 8.Be5 Nhf6
9.Bf4 Nh5 10.Be5 Nhf6 11.Bf4 e6 12.Be2 Be7 13.Nd2 Bg6 14.O-O O-O 15.b4 Qc8
16.a4 b6 17.a5 b5 18.Bf3 Re8 19.h4 h6 20.Re1 Bh7 21.h5 Qb7 22.e4 dxe4 23.Ndxe4 Nxe4
24.Nxe4 Bxe4 25.Bxe4 Nf6 26.Bc2 Nd5 27.Qd3 f5 28.Rxe6 Nxf4 29.Qxf5 Bg5 30.Qh7+ Kf7
31.Qf5+ Kg8 32.Qh7+ Kf7 33.Qf5+  1/2-1/2

[Event "Acropolis Open"]
[Site "Athens GRE"]
[Date "2007.08.17"]
[Round "4"]
[White "Malakhatko,V"]
[Black "Krivoborodov,E"]
[Result "1-0"]
[WhiteElo "2596"]
[BlackElo "2403"]

1.d4 d5 2.c4 c6 3.Nf3 Nf6 4.Nc3 a6 5.e3 b5 6.b3 Bg4 7.Bd2 Nbd7 8.h3 Bxf3
9.Qxf3 e6 10.Bd3 Ba3 11.O-O O-O 12.Rfd1 Re8 13.Rab1 e5 14.cxd5 cxd5 15.Bf1 e4
16.Qf5 Nb8 17.b4 Nc6 18.Rb3 g6 19.Qg5 Bxb4 20.Nxe4 Nxe4 21.Qxd8 Rexd8 22.Bxb4 Nxb4
23.Rxb4 Rdc8 24.Rb2 f5 25.g4 Kf7 26.Bd3 Nc3 27.Re1 Kf6 28.Kg2 Na4 29.Rb3 Rc3
30.gxf5 gxf5 31.Kf3 Rxb3 32.axb3 Nc3 33.b4 Na2 34.Rb1 Rc8 35.Rb2 Nc1 36.Bb1 Rc3
37.Kf4 Rb3 38.Rxb3 Nxb3 39.Bxf5 Nc1 40.Bb1 Ne2+ 41.Kf3 Nc3 42.Bxh7 Na2 43.Ke2 Nxb4
44.Kd2 a5 45.Bd3 a4 46.Bxb5 a3 47.Kc3 Kf5 48.Bf1 Kg5 49.Kb3 a2 50.Kb2 Kh4
51.Ka1 Kg5 52.Be2 Kh4 53.Bg4 Kg5 54.Bd1 Kf5 55.Bb3 Kg5 56.Bxa2 Kh4 57.Kb2 Nd3+
58.Kc3 Nxf2 59.Bxd5 Nxh3 60.Bg2 Ng5 61.Kd3 Kg4 62.Be4 Nf7 63.Bd5 Nd6 64.Be6+ Kg5
65.Ke2 Kf6 66.Bd5 Nf5 67.Be4 Ne7 68.Kf3 Kg5 69.Bd3 Nc6 70.Bb5 Nb4 71.Ba4 Nd3
72.Bb3 Ne1+ 73.Ke2 Ng2 74.Bd5 Nh4 75.Be4  1-0

[Event "RC Sport Open"]
[Site "Ceska Trebova CZE"]
[Date "2007.08.17"]
[Round "9"]
[White "Tikkanen,H"]
[Black "Cerveny,P"]
[Result "0-1"]
[WhiteElo "2394"]
[BlackElo "2295"]

1.d4 d5 2.c4 c6 3.Nf3 Nf6 4.Nc3 a6 5.Ne5 e6 6.Bf4 dxc4 7.a4 Nd5 8.Bd2 b5
9.e4 Nxc3 10.bxc3 Qc7 11.Qf3 Bd6 12.axb5 cxb5 13.Nxc4 bxc4 14.e5 Be7 15.Rb1 Ra7
16.Qg3 Kf8 17.Bxc4 Qxc4  0-1

[Event "RC Sport Open"]
[Site "Ceska Trebova CZE"]
[Date "2007.08.17"]
[Round "9"]
[White "Rojicek,V"]
[Black "Chladek,Va"]
[Result "1-0"]
[WhiteElo "2354"]
[BlackElo "2157"]

1.d4 d5 2.c4 c6 3.Nf3 Nf6 4.Nc3 a6 5.c5 Bf5 6.Bf4 h6 7.h3 e6 8.e3 Be7 9.Bd3 Bxd3
10.Qxd3 Nbd7 11.O-O O-O 12.b4 b5 13.a4 Qc8 14.Ra3 Qb7 15.Rfa1 Rfc8 16.Qb1 bxa4
17.Rxa4 Ne8 18.Qd3 Nc7 19.Bxc7 Rxc7 20.b5 cxb5 21.Nxb5 Rcc8 22.Nc3 Rc6 23.Rb1 Qc8
24.Rab4 Bd8 25.Na4 Bc7 26.R4b3 Ba5 27.Rb7 Rc7 28.Qb3 Rxb7 29.Qxb7 Qd8 30.Rb2 Bc7
31.Ne1 Qb8 32.Nd3 Qa7 33.g3 Nb8 34.Qc8+ Kh7 35.Rb7  1-0

[Event "17th Chess Festival"]
[Site "Abu Dhabi UAE"]
[Date "2007.08.18"]
[Round "7"]
[White "Jobava,Ba"]
[Black "Safarli,E"]
[Result "1-0"]
[WhiteElo "2644"]
[BlackElo "2471"]

1.d4 d5 2.c4 c6 3.Nf3 Nf6 4.Nc3 a6 5.Bg5 Nbd7 6.e3 b5 7.cxd5 cxd5 8.Bd3 e6
9.Ne5 Bb7 10.O-O Be7 11.Rc1 Nxe5 12.dxe5 Nd7 13.Bxe7 Qxe7 14.f4 Rc8 15.Ne2 Rxc1
16.Qxc1 Nc5 17.Qc2 d4 18.Nxd4 Nxd3 19.Qxd3 O-O 20.Rc1 Rd8 21.Qc3 h5 22.h3 Rc8
23.Qe1 Rxc1 24.Qxc1 Qd8 25.Qd1 g6 26.a3 Be4 27.Kh2 Qd5 28.Qe2 Qc5 29.Qe1 Qc4
30.Kg1 Qd5 31.g3 Qa2 32.Qc1 Bb7 33.Kf2 Qd5 34.Qf1 Qa2 35.Qe2 Qb1 36.h4 Qh1
37.Nf3 Be4 38.Ng5 Bd5 39.Nf3 Be4 40.b4 Kg7 41.Ng5 Bd5 42.e4 Bc4 43.Qe1 Qh2+
44.Kf3 Qb2 45.Qe3 Qc2 46.f5 exf5 47.Kf4 fxe4 48.Nxe4 Bd5 49.Nd6 Qd1 50.Ne8+ Kf8
51.Nf6 Kg7 52.Kg5 Be6 53.Qf4 Qd3 54.Ne8+ Kf8 55.Nd6 Kg7 56.Qf2 Qc3 57.Qf6+ Kh7
58.Qf4 Qc7 59.Qd4 Qe7+ 60.Kf4 Qd8  1-0

[Event "TCh-ESP CECLUB Norte Div 1"]
[Site "Sabadell ESP"]
[Date "2007.08.18"]
[Round "5"]
[White "Marcet Bisbale,A"]
[Black "Cuartas,Ja"]
[Result "1/2-1/2"]
[WhiteElo "2299"]
[BlackElo "2504"]

1.d4 d5 2.c4 c6 3.Nf3 Nf6 4.Nc3 a6 5.cxd5 cxd5 6.g3 Nc6 7.Bg2 e6 8.O-O Be7
9.Bf4 O-O 10.Ne5 Bd7 11.Nxc6 Bxc6 12.Qb3 b5 13.Rac1 Qd7 14.Nb1 Rfc8 15.Nd2 b4
16.Qe3 Bb5 17.Nf3 Qb7 18.Ne5 Nd7 19.Bh3 Nxe5 20.Bxe5 Rxc1 21.Rxc1 Rc8 22.Bg4 Rc6
23.h4 Qc8 24.Rxc6 Qxc6 25.h5 h6 26.Kg2 Qc2 27.Bf4 Bf6 28.Be5 Bxe5 29.Qxe5 Qxb2
30.Bxe6 fxe6 31.Qxe6+ Kh7 32.Qf5+ Kg8 33.Qxd5+ Kf8 34.Qc5+ Ke8 35.Qe5+ Kd8
36.Qb8+ Kd7 37.Qb7+ Kd6 38.Qb8+ Kc6 39.Qc8+ Kb6 40.Qd8+ Kb7 41.Qe7+ Kc8 42.Qc5+ Kd7
43.Qa7+ Kc6 44.Qa8+ Kb6 45.Qd8+ Kc6 46.Qc8+ Kd6 47.Qc5+ Kd7 48.Qa7+ Kc6 49.Qa8+ Kd6
50.Qb8+  1/2-1/2

[Event "Independence Cup A"]
[Site "Kyiv UKR"]
[Date "2007.08.19"]
[Round "7"]
[White "Golichenko,I"]
[Black "Shabala,S"]
[Result "1/2-1/2"]
[WhiteElo "2306"]
[BlackElo "2255"]

1.d4 d5 2.c4 c6 3.Nf3 Nf6 4.Nc3 a6 5.c5 g6 6.h3 Bg7 7.Bf4 Nbd7 8.e3 O-O 9.Bd3 Ne8
10.O-O Nc7 11.Qc2 Re8 12.Rad1 e5 13.Nxe5 Nxe5 14.Bxe5 Bxe5 15.dxe5 Rxe5 16.e4 Qf8
17.f4 Re8 18.b4 Qg7 19.exd5 Nxd5 20.Nxd5 cxd5 21.f5 Bd7 22.Rf4 Re5 23.Rdf1 Rae8
24.Qf2 Bxf5 25.Bxf5 gxf5 26.Rxf5 R8e7 27.Qh4 Qg6 28.Rxe5 Rxe5 29.Rf4 Rg5
30.Qxg5 Qxg5 31.Rg4 Qxg4 32.hxg4 Kg7 33.g5 Kg6 34.Kf2 Kxg5 35.Ke3 Kf5 36.Kd4 Ke6
37.a4 h5 38.b5 axb5 39.axb5 h4 40.c6  1/2-1/2

[Event "Open A"]
[Site "Polanica Zdroj POL"]
[Date "2007.08.19"]
[Round "3"]
[White "Shishkin,Va UKR"]
[Black "Piorun,K"]
[Result "1-0"]
[WhiteElo "2543"]
[BlackElo "2359"]

1.d4 d5 2.c4 c6 3.Nf3 Nf6 4.Nc3 a6 5.c5 Bf5 6.Bf4 Nbd7 7.e3 e6 8.Nd2 Be7
9.Be2 Bg6 10.Rc1 O-O 11.a3 Re8 12.g4 h6 13.Bg3 Nh7 14.h4 f6 15.f4 e5 16.f5 Bf7
17.b4 a5 18.O-O b5 19.Nb3 a4 20.Na5 Qc8 21.Nxc6 Qxc6 22.Bxb5 Qc8 23.dxe5 Nxe5
24.Nxd5 Qd8 25.Bxe8 Bxd5 26.Bxa4 Be4 27.Qxd8+ Bxd8 28.Bxe5 fxe5 29.Bc2  1-0

[Event "Acropolis Open"]
[Site "Athens GRE"]
[Date "2007.08.21"]
[Round "8"]
[White "Romanishin,O"]
[Black "Krivoborodov,E"]
[Result "1-0"]
[WhiteElo "2546"]
[BlackElo "2403"]

1.d4 d5 2.Nf3 Nf6 3.c4 c6 4.Nc3 a6 5.g3 b5 6.cxd5 cxd5 7.Bg2 e6 8.O-O Bb7
9.Bg5 Be7 10.Bxf6 Bxf6 11.e4 O-O 12.exd5 exd5 13.Ne5 Qd6 14.Qb3 Bxe5 15.dxe5 Qxe5
16.Rfe1 Qg5 17.h4 Qh6 18.Re7 Nc6 19.Rxb7 Na5 20.Qxd5 Nxb7 21.Qxb7 Rad8 22.Ne4 f5
23.Ng5 Qd6 24.Qf3 Rd7 25.Qb3+ Kh8 26.Bf3 Qd3 27.Ne6 Rc8 28.Nf4 Qxb3 29.axb3 Rd6
30.Bb7 Rb8 31.Rxa6 Rd1+ 32.Kg2 g5 33.Bf3 Rd2 34.hxg5 Rxb2 35.Ra7  1-0

[Event "Dato Arthur Tan Malaysian Op"]
[Site "Kuala Lumpur MAS"]
[Date "2007.08.21"]
[Round "3"]
[White "Irwanto,S"]
[Black "Ismail,Ah"]
[Result "1-0"]
[WhiteElo "2456"]
[BlackElo "2149"]

1.d4 d5 2.Nf3 Nf6 3.c4 c6 4.Nc3 a6 5.c5 g6 6.Bf4 Bg7 7.e3 Nh5 8.Bg5 O-O 9.Bd3 Qc7
10.O-O f6 11.Bh4 e5 12.Be2 g5 13.Ne1 gxh4 14.Bxh5 e4 15.Na4 Nd7 16.g3 f5
17.Ng2 Bf6 18.Nf4 b5 19.cxb6 Nxb6 20.Rc1 Bg5 21.Nxb6 Qxb6 22.Qa4 Bxf4 23.gxf4 Bd7
24.Qa3 Qd8 25.Kh1 Qf6 26.Qa5 Kh8 27.Rg1 Rg8 28.Qc7 Rad8 29.Rxg8+ Kxg8 30.Rg1+ Kh8
31.h3 Be8 32.Rg7 Bg6 33.Bxg6 hxg6 34.Rf7  1-0

[Event "27th Open"]
[Site "Bratto ITA"]
[Date "2007.08.23"]
[Round "1"]
[White "Romanishin,O"]
[Black "Moncelli,G"]
[Result "1-0"]
[WhiteElo "2546"]
[BlackElo "2147"]

1.d4 d5 2.Nf3 Nf6 3.c4 c6 4.Nc3 a6 5.g3 b5 6.cxd5 cxd5 7.Bg2 Bb7 8.O-O e6
9.Bg5 Nbd7 10.Ne5 Be7 11.Nd3 Rc8 12.Rc1 O-O 13.b4 Bc6 14.Nc5 a5 15.a3 Nb6
16.bxa5 Nc4 17.a6 Qb6 18.e4 dxe4 19.a4 Nb2 20.Qb3 Nd3 21.Nxd3 exd3 22.Bxc6 Rxc6
23.axb5 Rc7 24.Na4  1-0

[Event "XIX Open"]
[Site "Porto San Giorgio ITA"]
[Date "2007.08.23"]
[Round "3"]
[White "Horvath,P1"]
[Black "Ferrante,M"]
[Result "1-0"]
[WhiteElo "2445"]
[BlackElo "2120"]

1.d4 d5 2.c4 c6 3.Nf3 Nf6 4.Nc3 a6 5.a4 Nbd7 6.Bg5 Qa5 7.Bd2 Qd8 8.cxd5 cxd5
9.Bf4 e6 10.e3 Bb4 11.Bd3 Nh5 12.Bg5 Qa5 13.Qb3 h6 14.Bh4 Nb6 15.O-O Bd7
16.Ne5 O-O 17.Qd1 Nf6 18.Bxf6 gxf6 19.Qg4+ Kh8 20.Qh5 f5 21.Qxh6+  1-0

[Event "Open A"]
[Site "Polanica Zdroj POL"]
[Date "2007.08.26"]
[Round "10"]
[White "Przezdziecka,M"]
[Black "Bugalski,M"]
[Result "0-1"]
[WhiteElo "2315"]
[BlackElo "2267"]

1.d4 d5 2.Nf3 Nf6 3.c4 c6 4.Nc3 a6 5.a4 Bg4 6.Ne5 Bf5 7.g3 e6 8.Bg2 Bb4 9.O-O O-O
10.Qb3 a5 11.Na2 Na6 12.c5 Re8 13.Rd1 Nd7 14.Nxd7 Qxd7 15.Bf4 e5 16.Bxe5 f6
17.Bf4 Rxe2 18.Rac1 Rae8 19.Bf1 R2e4 20.Nc3 R4e6 21.Be3 Bg4 22.Re1 Nc7 23.Qc2 R8e7
24.Be2 Bh3 25.Bf1 Bg4 26.Be2 Bxe2 27.Rxe2 g5 28.Na2 Ne8 29.Nxb4 axb4 30.Rce1 Ng7
31.f3 Qe8 32.Kf2 Qh5 33.Kg2 g4 34.f4 Qf5 35.Kf2 Qxc2 36.Rxc2 Nf5 37.Bd2 Nxd4
38.Rcc1 Rxe1 39.Rxe1 Rxe1 40.Bxe1 b3 41.Bc3 Ne6 42.Bb4 Kf7 43.Ke3 Kg6 44.Kd3 Kf5
45.Ke3 h5 46.Kd3 h4 47.Ke3 h3 48.Kd3 Nxf4+  0-1

[Event "60th ch-RUS Higher League"]
[Site "Krasnoyarsk RUS"]
[Date "2007.09.03"]
[Round "1"]
[White "Vorobiov,E"]
[Black "Pevzner,L"]
[Result "1-0"]
[WhiteElo "2572"]
[BlackElo "2395"]

1.d4 d5 2.c4 c6 3.Nf3 Nf6 4.Nc3 a6 5.Ne5 Nbd7 6.Bf4 dxc4 7.Nxc4 b5 8.Ne5 Bb7
9.e3 e6 10.Qf3 Bb4 11.Bd3 Nxe5 12.Bxe5 Qe7 13.O-O Bxc3 14.bxc3 c5 15.Qg3 c4
16.Bc2 Ne4 17.Qxg7 Kd7 18.Bxe4 Bxe4 19.Qg4 f5 20.Qf4 Rhg8 21.f3 Bd3 22.Rf2 a5
23.d5 exd5 24.Qd4 Kc6 25.Rd1 Rae8 26.Bf4 Rg6 27.a4 bxa4 28.Rxd3 cxd3 29.Qxa4+ Kb7
30.Qxa5 Ra6 31.Qxd5+ Ka7 32.Qd4+ Ka8 33.Qxd3 Qe6 34.h3 Rc8 35.Rb2 h5 36.Kh2 Ra5
37.Qb1 Qc6 38.Rb6 Qe8 39.c4 Ra7 40.Qxf5  1-0

[Event "Masters"]
[Site "Trieste ITA"]
[Date "2007.09.03"]
[Round "4"]
[White "Komarov,D"]
[Black "Ramesa,D"]
[Result "1-0"]
[WhiteElo "2550"]
[BlackElo "2310"]

1.d4 d5 2.c4 c6 3.Nf3 Nf6 4.Nc3 a6 5.e3 e6 6.Qc2 Nbd7 7.b3 Bd6 8.Be2 O-O
9.O-O Re8 10.Rd1 Qe7 11.e4 Nxe4 12.Nxe4 dxe4 13.Qxe4 e5 14.Bg5 f6 15.Be3 exd4
16.Qxe7 Bxe7 17.Nxd4 Ne5 18.h3 g5 19.Nf3 Nxf3+ 20.Bxf3 Bf5 21.Bg4 Bxg4 22.hxg4 Rad8
23.g3 Rxd1+ 24.Rxd1 Rd8 25.Rxd8+ Bxd8 26.Kg2 Kf7 27.Kf3 Ke6 28.Ke4 h6 29.Bc5 Ba5
30.b4 Bd8 31.Bf8 Kf7 32.Bd6 a5 33.a3 axb4 34.axb4 b5 35.c5 Kg6 36.f3 Kf7
37.Kf5 Be7 38.Bxe7 Kxe7 39.Kg6 Ke6 40.f4 Kd5 41.Kxf6 Kc4 42.f5 Kxb4 43.Kg7  1-0

[Event "60th ch-RUS Higher League"]
[Site "Krasnoyarsk RUS"]
[Date "2007.09.04"]
[Round "2"]
[White "Vitiugov,N"]
[Black "Popov,Iv RUS"]
[Result "1-0"]
[WhiteElo "2608"]
[BlackElo "2524"]

1.d4 d5 2.c4 c6 3.Nf3 Nf6 4.Nc3 a6 5.Ne5 Nbd7 6.Bf4 dxc4 7.Nxc4 b5 8.Ne5 Bb7
9.e3 e6 10.Qf3 Qb6 11.Nxd7 Nxd7 12.Bd3 c5 13.Be4 Bxe4 14.Nxe4 Rc8 15.O-O f5
16.Ng5 Be7 17.Qh5+ g6 18.Qh6 Bf8 19.Qh3 Bg7 20.Rad1 h6 21.Nf3 cxd4 22.exd4 Nf6
23.Rc1 Rxc1 24.Rxc1 Nd5 25.Be5 O-O 26.Qg3 g5 27.h4 g4 28.Bxg7 Kxg7 29.Qe5+ Kf7
30.Ne1 Qb7 31.Nd3 Rc8 32.Re1 Qc6 33.Nc5 Re8 34.Rc1 Rc8 35.g3 Nf6 36.Qe3 Qd5
37.Re1 Re8 38.Qxh6 Qxd4 39.h5 Qxc5 40.Qg6+ Ke7 41.Qg7+ Kd6 42.Qxf6 Kd7 43.h6 Qe7
44.Qc3 Qd6 45.h7 Qf8 46.Qe3 e5 47.Rd1+  1-0